[Event "Karposh Open  2012"]
[Site "Skopje MKD"]
[Date "2012.04.09"]
[Round "4.27"]
[White "Dancevski, Orce"]
[Black "Kukov, Tode"]
[Result "1-0"]
[WhiteElo "2380"]
[BlackElo "2112"]
[PlyCount "84"]
[EventDate "2012.04.07"]
[EventType "swiss"]
[EventRounds "9"]
[Source "lmi"]
[SourceDate "2012.04.07"]

1. e4 c5 2. c3 d6 3. d4 Nf6 4. Bd3 g6 5. h3 Qc7 6. Nf3 Bg7 7. Be3 O-O 8. O-O
Rd8 9. Nbd2 a6 10. a4 b6 11. Qb1 Nbd7 12. b4 Rb8 13. Qa2 h6 14. a5 b5 15. Rac1
c4 16. Bb1 e5 17. Rfe1 Re8 18. Rcd1 Bb7 19. dxe5 dxe5 20. Nh2 Bc6 21. f3 Kh7
22. Ndf1 Re6 23. Qf2 Rbe8 24. Qh4 Ng8 25. g4 f6 26. Qf2 Rd6 27. h4 Ree6 28. h5
g5 29. Ng3 Rxd1 30. Rxd1 Rd6 31. Rc1 Ne7 32. Nf5 Nxf5 33. gxf5 Kg8 34. Ng4 Qd8
35. Bc2 Nf8 36. Kg2 Be8 37. Rh1 Bf7 38. Kg3 Nh7 39. Bc1 Qd7 40. Qh2 Qd8 41. Be3
Qc8 42. Nf2 Qd8 1-0

[Event "Karposh Open  2012"]
[Site "Skopje MKD"]
[Date "2012.04.09"]
[Round "4.28"]
[White "Kacakovski, Dimitar"]
[Black "Nikolova, Adriana"]
[Result "0-1"]
[WhiteElo "2128"]
[BlackElo "2293"]
[PlyCount "76"]
[EventDate "2012.04.07"]
[EventType "swiss"]
[EventRounds "9"]
[Source "lmi"]
[SourceDate "2012.04.07"]

1. e4 d5 2. exd5 Qxd5 3. Nc3 Qa5 4. d4 Nf6 5. Nf3 c6 6. Bd2 Bf5 7. Bc4 e6 8.
Nd5 Qd8 9. Nxf6+ gxf6 10. Qe2 Nd7 11. d5 cxd5 12. Bxd5 Qc7 13. Nd4 Qe5 14. Bxb7
Rb8 15. Qxe5 fxe5 16. Nxf5 Rxb7 17. Ne3 Rxb2 18. O-O Bc5 19. Bc3 Rb8 20. Nc4 f6
21. Rab1 Ke7 22. Na5 Rxb1 23. Rxb1 Rc8 24. Rb3 Kf7 25. Kf1 Nb6 26. Bd2 Nd5 27.
Rb7+ Kg6 28. c4 Nb6 29. Be3 Bxe3 30. fxe3 Nxc4 31. Nxc4 Rxc4 32. Rxa7 Rc2 33.
a4 h5 34. a5 Ra2 35. a6 Kf5 36. Rh7 Ke4 37. Rxh5 Kxe3 38. Rh3+ Ke4 0-1

[Event "Karposh Open  2012"]
[Site "Skopje MKD"]
[Date "2012.04.09"]
[Round "4.29"]
[White "Simjanovski, Saso"]
[Black "Arat, Ufuk Sezen"]
[Result "0-1"]
[WhiteElo "2288"]
[BlackElo "2089"]
[PlyCount "98"]
[EventDate "2012.04.07"]
[EventType "swiss"]
[EventRounds "9"]
[Source "lmi"]
[SourceDate "2012.04.07"]

1. Nf3 Nf6 2. g3 g6 3. b3 Bg7 4. Bb2 c5 5. Bg2 Nc6 6. O-O O-O 7. c4 b6 8. d4
cxd4 9. Nxd4 Bb7 10. Nc3 Qc8 11. Nd5 Nxd5 12. cxd5 Nxd4 13. Bxd4 Bxd4 14. Qxd4
d6 15. Rac1 Qd7 16. h4 Rac8 17. Kh2 Rc5 18. b4 Qa4 19. h5 Rfc8 20. h6 f6 21.
Qe3 Rxc1 22. Rxc1 Kf8 23. a3 Qe8 24. Rd1 Rc2 25. Be4 Rc4 26. Rd4 Qc8 27. Bf3
Rc3 28. Qf4 b5 29. g4 Rxa3 30. g5 f5 31. Kg2 Ra1 32. e4 Qc1 33. Qxc1 Rxc1 34.
exf5 gxf5 35. Rf4 Bc8 36. Be2 a6 37. Bd3 Kf7 38. Bxf5 Bxf5 39. Rxf5+ Kg6 40.
Rf3 Re1 41. Ra3 Kxg5 42. Rxa6 Re5 43. Ra7 Kf6 44. Rb7 Rxd5 45. Kf3 Re5 46. Kg3
Kf5 47. f3 Kf6 48. f4 Re3+ 49. Kf2 Re4 0-1

[Event "Karposh Open  2012"]
[Site "Skopje MKD"]
[Date "2012.04.09"]
[Round "4.30"]
[White "Matijevic, Filip"]
[Black "Georgievski, Vanco"]
[Result "1/2-1/2"]
[WhiteElo "2061"]
[BlackElo "2273"]
[PlyCount "27"]
[EventDate "2012.04.07"]
[EventType "swiss"]
[EventRounds "9"]
[Source "lmi"]
[SourceDate "2012.04.07"]

1. e4 c6 2. d4 d5 3. Nc3 dxe4 4. Nxe4 Nd7 5. Ng5 Ndf6 6. Bc4 e6 7. N1f3 Bd6 8.
Qe2 h6 9. Ne4 Nxe4 10. Qxe4 Nf6 11. Qh4 Qa5+ 12. Bd2 Qh5 13. Qxh5 Nxh5 14.
O-O-O 1/2-1/2

[Event "Karposh Open  2012"]
[Site "Skopje MKD"]
[Date "2012.04.09"]
[Round "4.34"]
[White "Petkovski, Vlatko"]
[Black "Erturan, Yakup"]
[Result "0-1"]
[WhiteElo "2160"]
[BlackElo "2370"]
[PlyCount "36"]
[EventDate "2012.04.07"]
[EventType "swiss"]
[EventRounds "9"]
[Source "lmi"]
[SourceDate "2012.04.07"]

1. e4 c5 2. Nf3 Nc6 3. d4 cxd4 4. Nxd4 g6 5. Nc3 Bg7 6. Nb3 Nf6 7. Be2 d6 8.
Bg5 h6 9. Bh4 Be6 10. f4 O-O 11. O-O Qc8 12. Bd3 Nb4 13. Kh1 Bc4 14. Qe2 b5 15.
Nd4 Qg4 16. Qxg4 Nxg4 17. Ndxb5 Bxd3 18. cxd3 Nxd3 0-1

[Event "Karposh Open  2012"]
[Site "Skopje MKD"]
[Date "2012.04.09"]
[Round "4.35"]
[White "Zupe, Miran"]
[Black "Krstevski, Vlatko"]
[Result "1/2-1/2"]
[WhiteElo "2336"]
[BlackElo "2148"]
[PlyCount "56"]
[EventDate "2012.04.07"]
[EventType "swiss"]
[EventRounds "9"]
[Source "lmi"]
[SourceDate "2012.04.07"]

1. e4 c5 2. Nf3 d6 3. d4 cxd4 4. Nxd4 Nf6 5. f3 a6 6. c4 g6 7. Nc3 Bg7 8. Be3
Nc6 9. Qd2 Bd7 10. Be2 Rc8 11. Rc1 Nxd4 12. Bxd4 O-O 13. O-O Qa5 14. Rfd1 Kh8
15. a3 Qh5 16. Be3 Be6 17. Nd5 Nxd5 18. cxd5 Bd7 19. Bg5 f6 20. Be3 Kg8 21. b3
f5 22. exf5 gxf5 23. Rc4 b5 24. f4 Qf7 25. Rcc1 Qf6 26. Rxc8 Rxc8 27. Rc1 Rxc1+
28. Qxc1 Qb2 1/2-1/2

[Event "Karposh Open  2012"]
[Site "Skopje MKD"]
[Date "2012.04.09"]
[Round "4.36"]
[White "Kantorik, Marian"]
[Black "Hristovski, Srdzan"]
[Result "1-0"]
[WhiteElo "2323"]
[BlackElo "2138"]
[PlyCount "33"]
[EventDate "2012.04.07"]
[EventType "swiss"]
[EventRounds "9"]
[Source "lmi"]
[SourceDate "2012.04.07"]

1. d4 d5 2. c4 e6 3. Nc3 Nf6 4. cxd5 exd5 5. Bg5 Nbd7 6. e3 c6 7. Bd3 Be7 8.
Qc2 O-O 9. Nge2 Re8 10. f3 Nf8 11. Bh4 Ng6 12. Bf2 Be6 13. O-O-O b5 14. Kb1 a5
15. e4 dxe4 16. fxe4 Ng4 17. Bg1 1-0

[Event "Karposh Open  2012"]
[Site "Skopje MKD"]
[Date "2012.04.09"]
[Round "4.37"]
[White "Djingarova, Emilia"]
[Black "Orehek, Spela"]
[Result "1/2-1/2"]
[WhiteElo "2296"]
[BlackElo "1992"]
[PlyCount "96"]
[EventDate "2012.04.07"]
[EventType "swiss"]
[EventRounds "9"]
[Source "lmi"]
[SourceDate "2012.04.07"]

1. Nf3 c5 2. c4 Nc6 3. Nc3 g6 4. g3 e5 5. Bg2 Nge7 6. Ne4 Nf5 7. d3 h6 8. h4 d6
9. Bd2 Bg7 10. g4 Nfd4 11. Nxd4 cxd4 12. g5 h5 13. Qb3 O-O 14. Qa3 d5 15. cxd5
Ne7 16. d6 Nd5 17. Qa5 Be6 18. Qxd8 Rfxd8 19. Rc1 b6 20. O-O Rac8 21. a3 Bf8
22. Rxc8 Rxc8 23. Rc1 Rd8 24. Rc6 Bd7 25. Rc7 a5 26. Rb7 Bb5 27. b4 a4 28. Bf3
Ba6 29. Ra7 Bb5 30. Rb7 Ba6 31. Nf6+ Nxf6 32. Rxb6 e4 33. dxe4 Nxe4 34. Bxe4
Bxe2 35. f3 Rxd6 36. Rxd6 Bxd6 37. Kg2 Bb5 38. f4 Kf8 39. Kf3 Ke7 40. Bd5 f5
41. gxf6+ Kxf6 42. Ke4 d3 43. Bc3+ Ke7 44. Ke3 Bc7 45. Be4 Bb6+ 46. Kd2 Kf7 47.
Bd5+ Ke7 48. Be4 Kf7 1/2-1/2

[Event "Karposh Open  2012"]
[Site "Skopje MKD"]
[Date "2012.04.09"]
[Round "4.38"]
[White "Semsiu, Agim"]
[Black "Kastelic, Marian"]
[Result "0-1"]
[WhiteElo "1988"]
[BlackElo "2286"]
[PlyCount "68"]
[EventDate "2012.04.07"]
[EventType "swiss"]
[EventRounds "9"]
[Source "lmi"]
[SourceDate "2012.04.07"]

1. e4 e6 2. d4 d5 3. Nc3 dxe4 4. Nxe4 Nd7 5. Nf3 Ngf6 6. Ng3 c5 7. c3 cxd4 8.
Nxd4 a6 9. Bc4 b5 10. Be2 Bb7 11. Bf3 Bxf3 12. Qxf3 Bc5 13. Bg5 Ne5 14. Qd1
Bxd4 15. cxd4 Nc6 16. Ne2 Qd5 17. Bxf6 gxf6 18. O-O Rg8 19. g3 Rd8 20. Rc1 Qe4
21. Re1 Ne5 22. dxe5 Rxd1 23. Rexd1 fxe5 24. Rc8+ Ke7 25. Nc3 Qg4 26. Rc7+ Kf6
27. Rdd7 Rf8 28. Kg2 Qf5 29. f3 Qc2+ 30. Kh3 Kg6 31. Ne4 Qe2 32. Nd6 Qf1+ 33.
Kh4 Qxf3 34. g4 Qg2 0-1

[Event "Karposh Open  2012"]
[Site "Skopje MKD"]
[Date "2012.04.09"]
[Round "4.40"]
[White "Vlashki, Nino"]
[Black "Batkoski, Nenad"]
[Result "1-0"]
[WhiteElo "2258"]
[BlackElo "1892"]
[PlyCount "59"]
[EventDate "2012.04.07"]
[EventType "swiss"]
[EventRounds "9"]
[Source "lmi"]
[SourceDate "2012.04.07"]

1. Nf3 Nc6 2. c4 e5 3. Nc3 Nf6 4. e3 h6 5. d3 d5 6. cxd5 Nxd5 7. Be2 Be6 8. a3
a6 9. Qc2 Bd6 10. Ne4 O-O 11. O-O f5 12. Nc5 Bxc5 13. Qxc5 Qd6 14. Qxd6 cxd6
15. Re1 Na5 16. Bd1 Nf6 17. Nd2 Rac8 18. b4 Nc6 19. Bb2 Rc7 20. g3 b5 21. f4
Nd7 22. Nf3 Bf7 23. Kf2 Rfc8 24. h3 Kh7 25. Rg1 e4 26. dxe4 fxe4 27. Nd2 Ne7
28. Ke2 Nb6 29. Bd4 Nc4 30. Nxe4 1-0

[Event "Karposh Open  2012"]
[Site "Skopje MKD"]
[Date "2012.04.09"]
[Round "4.43"]
[White "Menkinoski, Riste"]
[Black "Savoglou, Nikolaos"]
[Result "1-0"]
[WhiteElo "2369"]
[BlackElo "2055"]
[PlyCount "113"]
[EventDate "2012.04.07"]
[EventType "swiss"]
[EventRounds "9"]
[Source "lmi"]
[SourceDate "2012.04.07"]

1. Nf3 Nf6 2. g3 e6 3. Bg2 d5 4. O-O Be7 5. c4 O-O 6. b3 c5 7. cxd5 Nxd5 8. Bb2
Nc6 9. Nc3 Nxc3 10. Bxc3 Rb8 11. Qc1 b6 12. Rd1 Ba6 13. Qb2 Bf6 14. Bxf6 Qxf6
15. Qxf6 gxf6 16. Kf1 Rfd8 17. d3 Nd4 18. Rac1 Bb7 19. Ne1 Bxg2+ 20. Nxg2 f5
21. f4 Rbc8 22. Kf2 a5 23. Ne1 Kf8 24. h3 Ke7 25. g4 fxg4 26. hxg4 Rg8 27. Nf3
Nc6 28. g5 Nb4 29. a3 Nd5 30. e3 f6 31. Rh1 Rg7 32. d4 fxg5 33. Nxg5 a4 34.
bxa4 c4 35. Rh6 Nf6 36. Ke2 Rg6 37. Rxg6 hxg6 38. e4 Nh5 39. Ke3 c3 40. Nf3 c2
41. Ne5 Rc3+ 42. Kd2 Rxa3 43. Rxc2 Nxf4 44. Rc7+ Kf6 45. Rc4 Rb3 46. Kc2 Rh3
47. Nd7+ Ke7 48. Nxb6 g5 49. Rc7+ Kf6 50. Nd7+ Ke7 51. Ne5+ Kd8 52. Rc3 Rh2+
53. Kb3 Ne2 54. Rc4 Ke7 55. a5 Rh3+ 56. Kb4 Rh8 57. Ng6+ 1-0

[Event "Karposh Open  2012"]
[Site "Skopje MKD"]
[Date "2012.04.09"]
[Round "4.44"]
[White "Spirliadis, Achileas"]
[Black "Stojcevski, Zoran"]
[Result "1/2-1/2"]
[WhiteElo "2053"]
[BlackElo "2346"]
[PlyCount "94"]
[EventDate "2012.04.07"]
[EventType "swiss"]
[EventRounds "9"]
[Source "lmi"]
[SourceDate "2012.04.07"]

1. e4 e5 2. Nf3 Nc6 3. d4 exd4 4. Nxd4 Bc5 5. Nxc6 Qf6 6. Qd2 Qxc6 7. Bd3 Ne7
8. O-O b6 9. a4 a5 10. Na3 Bb7 11. Nb5 O-O 12. Qg5 Kh8 13. Be3 f6 14. Qg3 Bxe3
15. fxe3 d6 16. Ra3 Qd7 17. Nd4 Ng6 18. Rc3 Ne5 19. Rf4 Qf7 20. h4 g6 21. Qf2
Rae8 22. g4 c5 23. Nb5 Qe7 24. Qg3 g5 25. hxg5 fxg5 26. Rf5 Bc8 27. Be2 Bxf5
28. exf5 d5 29. Bf3 Nxf3+ 30. Qxf3 Qe4 31. Kg2 h5 32. Nd6 Qxf3+ 33. Kxf3 Rd8
34. Nb5 Kg7 35. Nc7 Kf6 36. Ne6 Ke5 37. Rb3 Rb8 38. Nxf8 Rxf8 39. Rxb6 hxg4+
40. Kxg4 Rxf5 41. Rb5 Rf1 42. Rxc5 Rg1+ 43. Kf3 g4+ 44. Kf2 Rc1 45. b3 Ke4 46.
Rc3 Rh1 47. Rc8 Rc1 1/2-1/2

[Event "Karposh Open  2012"]
[Site "Skopje MKD"]
[Date "2012.04.09"]
[Round "4.46"]
[White "Cavusoglu, Yildiz"]
[Black "Piskur, Mitja"]
[Result "0-1"]
[WhiteElo "1971"]
[BlackElo "2303"]
[PlyCount "74"]
[EventDate "2012.04.07"]
[EventType "swiss"]
[EventRounds "9"]
[Source "lmi"]
[SourceDate "2012.04.07"]

1. d4 d6 2. Nf3 f5 3. Bf4 Nf6 4. e3 c6 5. h3 g6 6. c3 Bg7 7. Be2 O-O 8. O-O Qb6
9. Qb3+ Nd5 10. Nbd2 Qxb3 11. axb3 h6 12. b4 b5 13. Bh2 Nd7 14. Nb3 N7b6 15.
Na5 Bd7 16. Bd1 g5 17. Bc2 f4 18. e4 Nc7 19. Rfe1 Rab8 20. Bb3+ Kh8 21. Rad1
Na4 22. Rd2 Be8 23. e5 d5 24. Ra1 Ne6 25. Ne1 h5 26. Nd3 Bh6 27. g4 fxg3 28.
fxg3 g4 29. Re2 h4 30. hxg4 hxg3 31. Bxg3 Rf3 32. Bh4 Rxd3 33. Bxe7 Rg3+ 34.
Kh2 Rf3 35. Bf6+ Kg8 36. Kh1 Bg6 37. Nxc6 Rh3+ 0-1

[Event "Karposh Open  2012"]
[Site "Skopje MKD"]
[Date "2012.04.09"]
[Round "4.48"]
[White "Andonovski, Ljubisa"]
[Black "Markovski, Velo"]
[Result "1/2-1/2"]
[WhiteElo "2291"]
[BlackElo "2040"]
[PlyCount "42"]
[EventDate "2012.04.07"]
[EventType "swiss"]
[EventRounds "9"]
[Source "lmi"]
[SourceDate "2012.04.07"]

1. d4 Nf6 2. c4 e6 3. Nf3 d5 4. g3 Bb4+ 5. Nbd2 c5 6. cxd5 exd5 7. Bg2 O-O 8.
O-O Nc6 9. dxc5 Bxc5 10. a3 Bf5 11. b4 Bd4 12. Ra2 Bc3 13. Bb2 d4 14. Qc1 Nd5
15. Nb3 Rc8 16. Qa1 Bxb2 17. Rxb2 Nc3 18. Rd2 Ne4 19. Rdd1 Nc3 20. Rd2 Ne4 21.
Rdd1 Nc3 1/2-1/2

[Event "Karposh Open  2012"]
[Site "Skopje MKD"]
[Date "2012.04.09"]
[Round "4.49"]
[White "Gjorgjevski, Janco"]
[Black "Vasovski, Nikola"]
[Result "0-1"]
[WhiteElo "1936"]
[BlackElo "2279"]
[PlyCount "64"]
[EventDate "2012.04.07"]
[EventType "swiss"]
[EventRounds "9"]
[Source "lmi"]
[SourceDate "2012.04.07"]

1. d4 Nf6 2. c4 c5 3. d5 b5 4. cxb5 a6 5. bxa6 Bxa6 6. Nc3 g6 7. Nf3 d6 8. g3
Bg7 9. Bg2 O-O 10. O-O Nbd7 11. h3 Ra7 12. Re1 Nb6 13. e4 Nfd7 14. Qc2 Nc4 15.
Bf4 Qa5 16. Bf1 Nxb2 17. Rac1 Bxf1 18. Kxf1 Qa6+ 19. Re2 Nd3 20. Rb1 Nxf4 21.
gxf4 Qc4 22. Rb3 Rfa8 23. Nd2 Qd4 24. Ndb1 Qf6 25. Nb5 Rxa2 26. Qxa2 Rxa2 27.
Rxa2 Qxf4 28. Ra8+ Nf8 29. N1c3 Qf3 30. h4 h5 31. e5 Bxe5 32. Ra4 Nd7 0-1

[Event "Karposh Open  2012"]
[Site "Skopje MKD"]
[Date "2012.04.09"]
[Round "4.50"]
[White "Drljevic, Ljilja"]
[Black "Temkov, Blagoja"]
[Result "1-0"]
[WhiteElo "2278"]
[BlackElo "1952"]
[PlyCount "67"]
[EventDate "2012.04.07"]
[EventType "swiss"]
[EventRounds "9"]
[Source "lmi"]
[SourceDate "2012.04.07"]

1. e4 d6 2. d4 g6 3. Nc3 c6 4. Be3 Bg7 5. Qd2 Nf6 6. f3 Nbd7 7. O-O-O Qa5 8. g4
b5 9. Kb1 Rb8 10. g5 Nh5 11. Nce2 b4 12. Nc1 Qc7 13. f4 c5 14. dxc5 Nxc5 15.
Bxc5 dxc5 16. Nge2 O-O 17. Bg2 Bg4 18. h3 Rfd8 19. Qe3 Be6 20. Bf3 Bd4 21. Nxd4
cxd4 22. Rxd4 Qxf4 23. Rxd8+ Rxd8 24. Re1 Qxe3 25. Rxe3 Nf4 26. h4 Bc4 27. e5
Bd5 28. Bxd5 Nxd5 29. Rd3 e6 30. a3 Rb8 31. Nb3 bxa3 32. bxa3 Rb5 33. c4 Nf4
34. Rd8+ 1-0

[Event "Karposh Open  2012"]
[Site "Skopje MKD"]
[Date "2012.04.09"]
[Round "4.51"]
[White "Draskovic, Luka"]
[Black "Bejatovic, Bojana"]
[Result "1/2-1/2"]
[WhiteElo "2212"]
[BlackElo "1944"]
[PlyCount "35"]
[EventDate "2012.04.07"]
[EventType "swiss"]
[EventRounds "9"]
[Source "lmi"]
[SourceDate "2012.04.07"]

1. e4 Nf6 2. e5 Nd5 3. d4 d6 4. c4 Nb6 5. exd6 exd6 6. Nc3 Be7 7. Be3 Nc6 8. h3
Bf5 9. Nf3 O-O 10. d5 Ne5 11. Nxe5 dxe5 12. Be2 Nd7 13. O-O a5 14. Re1 Bg6 15.
Qd2 f5 16. f4 Bd6 17. Rf1 Qe7 18. Rae1 1/2-1/2

[Event "Karposh Open  2012"]
[Site "Skopje MKD"]
[Date "2012.04.09"]
[Round "4.52"]
[White "Ratkovic, Miloje"]
[Black "Nikolovski, Nikola"]
[Result "0-1"]
[WhiteElo "2186"]
[BlackElo "1887"]
[PlyCount "74"]
[EventDate "2012.04.07"]
[EventType "swiss"]
[EventRounds "9"]
[Source "lmi"]
[SourceDate "2012.04.07"]

1. d4 Nf6 2. Nf3 g6 3. Nc3 Bg7 4. e4 d6 5. Bg5 O-O 6. Qd2 Nbd7 7. Bh6 e5 8.
O-O-O exd4 9. Nxd4 Nc5 10. f3 a6 11. h4 Ne6 12. Nxe6 Bxe6 13. h5 Qe7 14. g4
Rad8 15. Bg5 b5 16. Kb1 Rb8 17. Ne2 Rb6 18. Nf4 Re8 19. Bh4 Bc4 20. Bh3 Nxe4
21. fxe4 Qxh4 22. Nd3 Qf6 23. hxg6 hxg6 24. Rhf1 Qd4 25. Qc1 b4 26. Nf4 Qe5 27.
Nd3 Qd4 28. Nf4 Qc5 29. Nd5 Qa5 30. b3 Bxd5 31. Rxd5 Rb5 32. Bg2 Rxd5 33. exd5
Qc5 34. Qf4 Re7 35. Qc4 Qf2 36. Be4 Rxe4 37. a4 Rxc4 0-1

[Event "Karposh Open  2012"]
[Site "Skopje MKD"]
[Date "2012.04.09"]
[Round "4.53"]
[White "Vukelic, Zvonimir"]
[Black "Muratet Casadevall, Albert"]
[Result "0-1"]
[WhiteElo "1931"]
[BlackElo "2185"]
[PlyCount "46"]
[EventDate "2012.04.07"]
[EventType "swiss"]
[EventRounds "9"]
[Source "lmi"]
[SourceDate "2012.04.07"]

1. e4 c5 2. Nc3 d6 3. g3 g6 4. Bg2 Bg7 5. d3 e6 6. Be3 Nc6 7. Nge2 Nge7 8. Qd2
Nd4 9. O-O O-O 10. f4 f5 11. Nd1 Rb8 12. c3 Nxe2+ 13. Qxe2 Nc6 14. Bf2 Bd7 15.
Ne3 b5 16. a3 a5 17. Rfc1 a4 18. Nd1 Na5 19. Rab1 Nb3 20. Rc2 b4 21. Qe1 bxa3
22. bxa3 Qc7 23. Rcb2 Rbe8 0-1

[Event "Karposh Open  2012"]
[Site "Skopje MKD"]
[Date "2012.04.09"]
[Round "4.55"]
[White "Franca, Veronika"]
[Black "Dorfanis, Ilarion"]
[Result "0-1"]
[WhiteElo "1863"]
[BlackElo "2183"]
[PlyCount "52"]
[EventDate "2012.04.07"]
[EventType "swiss"]
[EventRounds "9"]
[Source "lmi"]
[SourceDate "2012.04.07"]

1. d4 Nf6 2. c4 e6 3. Nc3 Bb4 4. e3 O-O 5. Bd3 d5 6. Nf3 c5 7. a3 cxd4 8. axb4
dxc3 9. bxc3 dxc4 10. Be2 Qxd1+ 11. Bxd1 Ne4 12. Bb2 b5 13. Nd4 Bd7 14. Bf3 f5
15. O-O a6 16. Rfd1 Ra7 17. Bxe4 fxe4 18. Ne2 Bc6 19. Nd4 Rf6 20. Rd2 Rd7 21.
Rad1 Kf8 22. Ba1 Ke8 23. Nxc6 Rxd2 24. Rxd2 Nxc6 25. Rd6 Ne5 26. Rxa6 Nd3 0-1

[Event "Karposh Open  2012"]
[Site "Skopje MKD"]
[Date "2012.04.09"]
[Round "4.56"]
[White "Peev, Kosta"]
[Black "Ratkovic, Milovan"]
[Result "0-1"]
[WhiteElo "1625"]
[BlackElo "2183"]
[PlyCount "58"]
[EventDate "2012.04.07"]
[EventType "swiss"]
[EventRounds "9"]
[Source "lmi"]
[SourceDate "2012.04.07"]

1. d4 d5 2. Nf3 Nf6 3. e3 c6 4. Bd3 Bg4 5. c4 Nbd7 6. Qb3 Bxf3 7. gxf3 Qc7 8.
Nc3 e6 9. Bd2 dxc4 10. Bxc4 O-O-O 11. Rc1 Kb8 12. a4 e5 13. Bxf7 exd4 14. Nb5
Qb6 15. Nxd4 Ne5 16. Qxb6 axb6 17. Bc4 c5 18. f4 Nxc4 19. Ne6 Rd6 20. Rxc4 Rxe6
21. O-O Be7 22. b4 Rd8 23. Bc3 cxb4 24. Bxb4 Bxb4 25. Rxb4 Re4 26. Rxb6 Rxa4
27. Rfb1 Rd7 28. f3 Ra3 29. Kf2 Nd5 0-1

[Event "Karposh Open  2012"]
[Site "Skopje MKD"]
[Date "2012.04.09"]
[Round "4.57"]
[White "Krstev, Emil"]
[Black "Vasilevski, Igor"]
[Result "1-0"]
[WhiteElo "2173"]
[BlackElo "1850"]
[PlyCount "41"]
[EventDate "2012.04.07"]
[EventType "swiss"]
[EventRounds "9"]
[Source "lmi"]
[SourceDate "2012.04.07"]

1. d4 Nf6 2. Nc3 d5 3. Bg5 Nbd7 4. Nf3 c6 5. e3 g6 6. Bd3 Bg7 7. O-O O-O 8. Re1
Re8 9. e4 dxe4 10. Nxe4 Nxe4 11. Rxe4 Nf6 12. Rh4 Bg4 13. Bc4 Qb6 14. Bxf7+
Kxf7 15. Ne5+ Kg8 16. Nxg4 Nxg4 17. Qxg4 Qxb2 18. Qe6+ Kh8 19. Rc1 Qb5 20. Qxg6
Kg8 21. Rxh7 1-0

[Event "Karposh Open  2012"]
[Site "Skopje MKD"]
[Date "2012.04.09"]
[Round "4.59"]
[White "Yurtseven, Melih"]
[Black "Nikolovska, Dragana"]
[Result "1-0"]
[WhiteElo "2147"]
[BlackElo "1773"]
[PlyCount "37"]
[EventDate "2012.04.07"]
[EventType "swiss"]
[EventRounds "9"]
[Source "lmi"]
[SourceDate "2012.04.07"]

1. e4 c5 2. b4 d6 3. bxc5 dxc5 4. c3 Nc6 5. Nf3 Bg4 6. Bc4 e6 7. h3 Bh5 8. Ba3
Bd6 9. Bb5 Qb6 10. Ba4 Rd8 11. d3 Nge7 12. Nbd2 O-O 13. Nc4 Qc7 14. d4 b6 15.
g4 Bg6 16. e5 Bxe5 17. Nfxe5 Nxe5 18. Nxe5 Nd5 19. O-O 1-0

[Event "Karposh Open  2012"]
[Site "Skopje MKD"]
[Date "2012.04.09"]
[Round "4.60"]
[White "Ljangov, Petar"]
[Black "Lampsas, Georgios"]
[Result "1-0"]
[WhiteElo "2089"]
[BlackElo "1660"]
[PlyCount "49"]
[EventDate "2012.04.07"]
[EventType "swiss"]
[EventRounds "9"]
[Source "lmi"]
[SourceDate "2012.04.07"]

1. e4 d6 2. d4 Nf6 3. Nc3 g6 4. g3 Bg7 5. Bg2 O-O 6. Nge2 Nbd7 7. O-O c5 8. h3
cxd4 9. Nxd4 a6 10. Be3 Rb8 11. Qd2 Ne5 12. b3 Bd7 13. Rad1 Qc8 14. f4 Nc6 15.
g4 Kh8 16. Nd5 Nxd5 17. exd5 Nd8 18. c4 b5 19. cxb5 axb5 20. Rc1 Qa6 21. Rc2 b4
22. Rfc1 Nb7 23. Qxb4 Nc5 24. Qd2 Nd3 25. Bf1 1-0

[Event "Karposh Open  2012"]
[Site "Skopje MKD"]
[Date "2012.04.09"]
[Round "4.63"]
[White "Jancev, Valentin"]
[Black "Minas, Ioannis"]
[Result "1/2-1/2"]
[WhiteElo "1998"]
[BlackElo "1930"]
[PlyCount "37"]
[EventDate "2012.04.07"]
[EventType "swiss"]
[EventRounds "9"]
[Source "lmi"]
[SourceDate "2012.04.07"]

1. d4 Nf6 2. Nf3 g6 3. c4 Bg7 4. Nc3 d6 5. e3 O-O 6. Be2 c5 7. O-O Na6 8. a3
Nc7 9. b3 Bd7 10. Bb2 cxd4 11. Nxd4 a6 12. Bf3 Rb8 13. Qc2 Ng4 14. h3 Ne5 15.
Be2 b5 16. cxb5 Nxb5 17. Ndxb5 Bxb5 18. Nxb5 axb5 19. Rfd1 1/2-1/2

[Event "Karposh Open  2012"]
[Site "Skopje MKD"]
[Date "2012.04.09"]
[Round "4.65"]
[White "Atanasov, Sande"]
[Black "Konstantinov, Aleksandar"]
[Result "1-0"]
[WhiteElo "1950"]
[BlackElo "1748"]
[PlyCount "77"]
[EventDate "2012.04.07"]
[EventType "swiss"]
[EventRounds "9"]
[Source "lmi"]
[SourceDate "2012.04.07"]

1. e4 e6 2. Nc3 d5 3. d4 Nf6 4. e5 Nfd7 5. f4 c5 6. Nf3 a6 7. Bd3 Qb6 8. dxc5
Bxc5 9. Qe2 Nc6 10. a3 Be7 11. g3 Nc5 12. Kf1 Nxd3 13. Qxd3 O-O 14. Kg2 Qc7 15.
h4 f6 16. Re1 fxe5 17. fxe5 b5 18. Bf4 h6 19. Bxh6 gxh6 20. Qg6+ Kh8 21. Qxh6+
Kg8 22. Qg6+ Kh8 23. Ng5 Bc5 24. Qh6+ Kg8 25. Nxe6 Bxe6 26. Qxe6+ Kg7 27. Nxd5
Rf2+ 28. Kh3 Qc8 29. Nf4 Nd4 30. Qxc8 Rxc8 31. Rf1 Rxc2 32. b4 Be7 33. Rad1 Nf5
34. Ne6+ Kg6 35. h5+ Kf7 36. Nd4 R2c3 37. e6+ Ke8 38. Nxf5 Rxa3 39. Ng7# 1-0

[Event "Karposh Open  2012"]
[Site "Skopje MKD"]
[Date "2012.04.09"]
[Round "4.66"]
[White "Tairi, Krenar"]
[Black "Ranic, Viktor"]
[Result "1-0"]
[WhiteElo "1804"]
[BlackElo "1941"]
[PlyCount "91"]
[EventDate "2012.04.07"]
[EventType "swiss"]
[EventRounds "9"]
[Source "lmi"]
[SourceDate "2012.04.07"]

1. d4 Nf6 2. c4 e6 3. Nf3 b6 4. e3 Bb7 5. Bd3 d5 6. Nbd2 Be7 7. O-O O-O 8. b3
c5 9. Bb2 Nc6 10. Qe2 Rc8 11. Rac1 Re8 12. Rfd1 Bd6 13. h3 Qe7 14. e4 dxe4 15.
Nxe4 Nxd4 16. Nxd4 cxd4 17. Bxd4 Nxe4 18. Bxe4 Bc5 19. Bxc5 Rxc5 20. Bxb7 Qxb7
21. Rd6 Qb8 22. Rcd1 h6 23. Rd7 Rc7 24. Qf3 Rxd7 25. Rxd7 Rf8 26. Qb7 Qxb7 27.
Rxb7 Ra8 28. Kf1 g5 29. Ke2 Kg7 30. Ke3 Kg6 31. b4 h5 32. c5 bxc5 33. bxc5 f5
34. c6 Rc8 35. c7 Kf6 36. Kd4 Ke7 37. Rxa7 Kd6 38. a4 e5+ 39. Kc4 Kc6 40. a5 h4
41. f3 Re8 42. a6 Rg8 43. Rb7 Rc8 44. Kd3 Rxc7 45. Rxc7+ Kxc7 46. Kc4 1-0

[Event "Karposh Open  2012"]
[Site "Skopje MKD"]
[Date "2012.04.09"]
[Round "4.67"]
[White "Mihtis, Theodoros"]
[Black "Golubovic, Tomislav"]
[Result "0-1"]
[WhiteElo "1746"]
[BlackElo "1944"]
[PlyCount "87"]
[EventDate "2012.04.07"]
[EventType "swiss"]
[EventRounds "9"]
[Source "lmi"]
[SourceDate "2012.04.07"]

1. d4 c5 2. c3 e6 3. Nf3 Nf6 4. Bf4 Nc6 5. e3 a6 6. Nbd2 b5 7. Bd3 Bb7 8. O-O
h6 9. Ne5 d6 10. Nxc6 Bxc6 11. h3 e5 12. Bg3 e4 13. Be2 c4 14. f3 Be7 15. fxe4
Nxe4 16. Nxe4 Bxe4 17. Bf3 Bxf3 18. Qxf3 O-O 19. e4 Qd7 20. e5 Rad8 21. Rae1 d5
22. Qh5 Qe6 23. Re3 Bg5 24. Ree1 a5 25. h4 Be7 26. Rf4 b4 27. Rg4 Kh7 28. Rf4
bxc3 29. bxc3 Rb8 30. Ref1 g6 31. Qf3 Kg7 32. Rf6 Bxf6 33. exf6+ Kh7 34. Re1
Qf5 35. Qxf5 gxf5 36. Bxb8 Rxb8 37. Re5 Rb1+ 38. Kh2 Rb2 39. Rxd5 Rxa2 40. h5
f4 41. Rf5 Rc2 42. Rxf4 a4 43. Rf5 Rxc3 44. Ra5 0-1